LDR 00976naa#a2200169#i#450# 001 RU\\bibl\121042 005 20260516171329.6 011 ## _a1998-6785 100 ## _a20220921b2022####ek#y0rusy0150####ca 102 ## _aRU 200 1# _aРекреационные ресурсы Дальнего Востока России и проблемы их рационального использования _eЖурнальная статья 210 1# _aВладивосток _cФедеральное государственное бюджетное образовательное учреждение высшего образования "Владивостокский государственный университет" _d2022 215 ## _a9 с. 608 ## _aЖурнальная статья _2local 675 ## _aЗагрязнение атмосферы. Загрязнение воздуха. 504.3.054 _z 700 #1 _aНаумов _gЮрий Анатольевич 856 4# _avvgu.editorum.ru _u